Geography Quiz

Random Geography or World Quiz

Capitals of Asia Quiz Stats

 Plays Quiz not verified by Sporcle

Support Sporcle.
Go Orange.
Score 0/49 Timer 05:00
0 Plays Today
Country Capital % Correct
AnkaraTurkey
93.7%
BeijingChina
91.9%
BaghdadIraq
91%
BangkokThailand
89.2%
SeoulSouth Korea
89.2%
AmmanJordan
88.3%
JerusalemIsrael
88.3%
Kuwait CityKuwait
88.3%
HanoiVietnam
86.5%
ManilaThe Philippines
86.5%
MoscowRussia
86.5%
New DelhiIndia
86.5%
PyongyangNorth Korea
86.5%
TaipeiTaiwan
86.5%
TokyoJapan
86.5%
DamascusSyria
85.6%
Kuala LumpurMalaysia
85.6%
SingaporeSingapore
84.7%
IslamabadPakistan
83.8%
JakartaIndonesia
83.8%
KabulAfghanistan
83.8%
RiyadhSaudi Arabia
83.8%
TehranIran
83.8%
BeirutLebanon
82.9%
KathmanduNepal
82.9%
Country Capital % Correct
Phnom PenhCambodia
82%
Abu DhabiUnited Arab Emirates
79.3%
MuscatOman
79.3%
SanaaYemen
79.3%
AshgabatTurkmenistan
78.4%
AstanaKazakhstan
78.4%
UlaanbaatarMongolia
78.4%
Colombo KotteSri Lanka
77.5%
Bandar Seri BegawanBrunei
76.6%
BakuAzerbaijan
75.7%
DohaQatar
75.7%
MaleMaldives
75.7%
VientianeLaos
74.8%
DiliEast Timor
73.9%
TbilisiGeorgia
73.9%
DushanbeTajikistan
73%
YerevanArmenia
72.1%
BishkekKyrgyzstan
70.3%
DhakaBangladesh
70.3%
TashkentUzbekistan
70.3%
ManamaBahrain
69.4%
ThimphuBhutan
66.7%
NaypyidawBurma
59.5%
LhasaTibet
35.1%

You're not logged in!

Compare scores with friends on all Sporcle quizzes.
OR
Log In

From the Vault

A Series of Endings

by Miles

When it comes to a movie or book series, the end is never really the end.
Remove Ads.
Support Sporcle.
Get the best of Sporcle when you Go Orange. This ad-free experience offers more features, more stats, and more fun while also helping to support Sporcle. Thank you for becoming a member.

Show Comments

Extras

Top Quizzes Today


Score Distribution

Your Account Isn't Verified!

In order to create a playlist on Sporcle, you need to verify the email address you used during registration. Go to your Sporcle Settings to finish the process.

Report this User

Report this user for behavior that violates our Community Guidelines.

Details: